Państwa Ameryki Północnej - Statystyki

Ogólne statystyki
  • Ten quiz został rozwiązany 13 razy
    10 od ostatniego zresetowania
  • Średni wynik to 17 z 23
Odpowiedzi na mapie
Odpowiedzi zakodowano w zielono-czerwonej skali na mapie do tego quizu, zgodnie z poniższymi procentami.
 
Statystyki odpowiedzi
Państwo % Poprawnych
Kanada
100%
Meksyk
100%
Stany Zjednoczone
100%
Dominika
89%
Dominikana
89%
Kuba
89%
Panama
89%
Belize
78%
Jamajka
78%
Nikaragua
78%
Saint Vincent i Grenadyny
78%
Salwador
78%
Antigua i Barbuda
67%
Barbados
67%
Grenada
67%
Haiti
67%
Honduras
67%
Saint Kitts i Nevis
67%
Saint Lucia
67%
Bahamy
56%
Gwatemala
56%
Kostaryka
56%
Trynidad i Tobago
56%
Nie znaleziono quizów pasujących do podanych kryteriów
Rozkład punktacji
Procent ludzi z każdym wynikiem
Percentyl według liczby udzielonych odpowiedzi
Twoja historia wyników
Nie rozwiązałeś tego quizu od ostatniego zresetowania